Biblioteca y Centro de Documentación

Vista normal Vista MARC

Entrada Nombre de reunión

Número de registros utilizados en: 1

001 - NÚMERO DE CONTROL

  • Campo de control: 582

003 - IDENTIFICADOR DE NÚMERO DE CONTROL

  • Campo de control: ES-MaCES

005 - FECHA Y HORA DE LA ULTIMA MODIFICACION

  • Campo de control: 20000524122700.0

008 - ELEMENTOS DE DATOS DE LONGITUD FIJA

  • Campo de longitud fija: 000524 | azznnaabn || ana d

035 ## - NÚMERO DE CONTROL DEL SISTEMA

  • Número de control del sistema: CES20000000437c

040 ## - FUENTE DE LA CATALOGACIÓN

  • Agencia original de catalogación: ES-MaCES
  • Idioma de catalogación: spa
  • Agencia de transcripción: ES-MaCES

111 2# - ENCABEZAMIENTO--NOMBRE DE REUNIÓN

  • Nombre de reunión o jurisdicción como elemento de entrada: Congreso Nacional de Derecho del Trabajo y de la Seguridad Social
  • Número de parte/sección/reunión: 10º
  • Fecha de reunión: 1999
  • Lugar de la reunión: Zaragoza

511 2# - TRAZADO VEÁSE ADEMÁS--NOMBRE DE REUNIÓN

  • Nombre de reunión o jurisdicción como elemento de entrada: Congreso Nacional de Derecho del Trabajo y de la Seguridad Social
  • Número de parte/sección/reunión:
  • Fecha de reunión: 1998
  • Lugar de reunión: Madrid

901 ## - CES. DATOS SIRTEX

  • ID Sirtex (N5N8): 0002400000632
  • 005BIS Sirtex: 200005241227ALORITE
© CES, Consejo Económico y Social de España 2021